| 000 | 00656nam a2200229 a 4500 | ||
|---|---|---|---|
| 001 | BRCA_3897 | ||
| 005 | 20190320204451.0 | ||
| 008 | 050110s1901----fr-a######---#000-0#spa-# | ||
| 041 | _aspa | ||
| 044 | _afr | ||
| 050 | 4 |
_aN4804 _b.M54 1901 |
|
| 100 | 1 |
_aMier, Sebastian B de. _910136 |
|
| 245 | 1 | 0 |
_aMéxico en la Exposición Universal Internacional de París-1900 _cSebastian B. de Mier. |
| 260 |
_aParís _bJ. Dumoulin _c1901 |
||
| 300 |
_a301 p. _bil. _c27 cm. |
||
| 500 | _aEncuadernación deteriorada (hojas sueltas) | ||
| 500 | _aIncluye apéndices | ||
| 500 | _aC108 | ||
| 650 | 1 | 4 |
_aArte _vExposiciones _96285 |
| 902 | _aGFM | ||
| 942 |
_2lcc _cB |
||
| 999 |
_c3625 _d3625 |
||